| 000 | 00557na a2200217 4500 | ||
|---|---|---|---|
| 001 | 22366 | ||
| 003 | MIRAKIL | ||
| 005 | 20181213155137.0 | ||
| 008 | 170213b tu 000 0 | ||
| 040 |
_aMilas _btur _cTR-AnCHP |
||
| 041 | _atur | ||
| 082 |
_a340.1 _bY91h 2003 |
||
| 090 | _a340.1 Y91h 2003 | ||
| 100 | _aYücel, Mustafa Tören | ||
| 245 |
_aHukuk felsefesi _cMustafa Tören Yücel |
||
| 260 |
_aAnkara _b[yayl.y.] _c2003 |
||
| 300 |
_a196 s. _c20 sm. |
||
| 650 | _aHukuk felsefesi | ||
| 650 |
_aHukuk _xFelsefe ve kuram |
||
| 942 |
_2ddc _cBKS |
||
| 999 |
_c7384 _d7384 |
||